00345nam a2200145Ia 4500008004100000041000800041082001500049100001300064245002900077260003900106300000900145500001600154650001600170700001300186230125s9999 xx 000 0 und d aeng a659.1bBLY aBlythe J aMarketing Communications c2002bPearson EducationaNew Delhi a252p aadvertising aAdvertising aBlythe J